01620nam a2200397 a 4500001001200000003000800012006001900020007001500039008004100054010001700095015001900112016001800131020002200149040002100171035002100192043001200213050002400225082001500249100003000264245012900294260005800423300003000481490002200511500008300533504006600616533015200682651004500834651004800879651004300927651004600970655002901016710001701045830001901062856012601081999001501207ebr10271424CaPaEBRm u cr cn|||||||||050418s2005 enkab sb 001 0 eng  z 2005272859 aGBA5078022bnb7 z0130935872Uk z0198221665 (hbk.) aCaPaEBRcCaPaEBR a(OCoLC)137239830 ae-uk-en14aHC254b.D928 2005eb04a942.032221 aDyer, Christopher,d1944-13aAn age of transition?h[electronic resource] :beconomy and society in England in the later Middle Ages /cChristopher Dyer. aOxford ;aNew York :bOxford University Press,c2005. avi, 293 p. :bill., maps.1 aThe Ford lectures a"The Ford Lectures delivered in the University of Oxford in Hilary Term 2001." aIncludes bibliographical references (p. [247]-279) and index. aElectronic reproduction.bPalo Alto, Calif. :cebrary,d2013.nAvailable via World Wide Web.nAccess may be limited to ebrary affiliated libraries. 0aEnglandxEconomic conditionsy1066-1485. 0aEnglandxEconomic conditionsy16th century. 0aEnglandxSocial conditionsy1066-1485. 0aEnglandxSocial conditionsy16th century. 7aElectronic books.2local2 aebrary, Inc. 0aFord lectures.40uhttp://site.ebrary.com/lib/rucke/Doc?id=10271424zAn electronic book accessible through the World Wide Web; click to view c7300d7300